Quiz prawda czy fałsz - piłka nożna #2 - Statystyki

Ogólne statystyki
  • Ten quiz został rozwiązany 222 razy
  • Średni wynik to 10 z 15
Statystyki odpowiedzi
Zagadnienie Odpowiedź % Poprawnych
Toni Kross w barwach Realu Madryt rozegrał więcej niż 300 meczów. Prawda
93%
Finał Euro 2024 odbędzie się na Stadionie Olimpijskim w Berlinie. Prawda
87%
Pierwsze mistrzostwa świata odbyły się w 1930 roku w Urugwaju. Prawda
87%
Anfield jest stadionem piłkarskim Arsenalu Londyn. Fałsz
84%
Javier Zanetti jest reprezentantem Włoch. Fałsz
71%
Jagiellonia Białystok w sezonie 2023/24 została mistrzem Polski po raz pierwszy w historii. Prawda
71%
Niemcy wygrali Euro 2008. Fałsz
69%
Widzew Łódź został mistrzem Polski w XXI wieku. Fałsz
61%
Jakub Błaszczykowski ma ponad 100 występów w kadrze reprezentacji Polski. Prawda
61%
Olympiakos Pireus został zwycięzcą Ligi Konferencji Europy w sezonie 2023/24. Prawda
60%
FC Porto ma najwięcej mistrzostw Portugalii. Fałsz
52%
Czarni Sosnowiec to triumfator Ekstraligi kobiet w sezonie 2023/24. Fałsz
48%
Gruzja to jedyny debiutant na Euro 2024. Prawda
45%
Robert Lewandowski zanotował czerwoną kartkę w sezonie 2023/24. Fałsz
36%
Najwyższą pozycją Szwajcarii w rankingu FIFA była 4 pozycja osiągnięta w 2017 roku. Fałsz
27%
Nie znaleziono quizów pasujących do podanych kryteriów
Rozkład punktacji
Procent ludzi z każdym wynikiem
Percentyl według liczby udzielonych odpowiedzi
Twoja historia wyników
Nie rozwiązałeś tego quizu